000 00560na a2200217 4500
001 14174
003 MIRAKIL
005 20181213154815.0
008 161031b tu 000 0
020 _a9759604019
040 _aMilas
_btur
_cTR-AnCHP
041 _atur
082 _a915.6675
_bG76c 2009
090 _a915.6675 G76c 2009
100 _aGöral, M. Kadri
245 _aCevahir çıkını
_cM. Kadri Göral
260 _aAnkara
_b[yayl. y.]
_c2009
300 _a259 s.
_c23 sm.
651 _aDiyarbakır
_xTanıtım kitapları
942 _2ddc
_cBKS
999 _c1207
_d1207